Law relating to intellectual property : (Record no. 1243)
[ view plain ]
| 000 -LEADER | |
|---|---|
| fixed length control field | 00664cam a22002052 4500 |
| 001 - CONTROL NUMBER | |
| control field | 0000021282 |
| 005 - DATE AND TIME OF LATEST TRANSACTION | |
| control field | 20151021151141.0 |
| 008 - FIXED-LENGTH DATA ELEMENTS--GENERAL INFORMATION | |
| fixed length control field | 120307s xx 000 0 eng d |
| 020 ## - INTERNATIONAL STANDARD BOOK NUMBER | |
| International Standard Book Number | 8175345881 : |
| 040 ## - CATALOGING SOURCE | |
| Original cataloging agency | KABU |
| Transcribing agency | KABU |
| 100 1# - MAIN ENTRY--PERSONAL NAME | |
| Personal name | Wadehra, B. L. |
| -- | 0000178039 |
| 245 10 - TITLE STATEMENT | |
| Title | Law relating to intellectual property : |
| Remainder of title | patents . trade marks . copyright . designs . ... / |
| Statement of responsibility, etc. | B. L. Wadehra. |
| 250 ## - EDITION STATEMENT | |
| Edition statement | 4th ed. |
| 260 ## - PUBLICATION, DISTRIBUTION, ETC. (IMPRINT) | |
| Place of publication, distribution, etc. | New Delhi : |
| Name of publisher, distributor, etc. | Universal, |
| Date of publication, distribution, etc. | 2009. |
| 300 ## - PHYSICAL DESCRIPTION | |
| Extent | l, 561 p. |
| 650 #0 - SUBJECT ADDED ENTRY--TOPICAL TERM | |
| Topical term or geographic name as entry element | Intellectual property |
| Geographic subdivision | India. |
| -- | 0000178075 |
| 852 1# - LOCATION | |
| -- | p6400 KES |
| 908 ## - PUT COMMAND PARAMETER (RLIN) | |
| Put command parameter | 120307 |
| 950 ## - LOCAL HOLDINGS (RLIN) | |
| -- | 1 |
| Withdrawn status | Lost status | Source of classification or shelving scheme | Not for loan | Home library | Current library | Date acquired | Total Checkouts | Full call number | Barcode | Date last seen | Price effective from | Koha item type | Date last checked out | Copy number |
|---|---|---|---|---|---|---|---|---|---|---|---|---|---|---|
| Library of Congress Classification | Kabarak, Main Campus | Kabarak, Main Campus | 21/10/2015 | 8 | KNS1100 .W33 2009 c. 2 | 20781 | 06/12/2024 | 21/10/2015 | General Collection | 22/11/2024 | c.2 | |||
| Library of Congress Classification | Kabarak, Main Campus | Kabarak, Main Campus | 17/12/2015 | 12 | KNS1100 .W33 2009 c. 1 | 20683 | 03/12/2021 | 17/12/2015 | General Collection | 26/11/2021 | ||||
| Library of Congress Classification | Kabarak, Nakuru City Campus | Kabarak, Nakuru City Campus | 21/10/2015 | KNS1100 .W33 2009 c. 1 | 20780 | 21/10/2015 | 21/10/2015 | General Collection |